000 00646nam a2200217 a 4500
005 20140310183523.0
008 111018s19uu xx 00 eng d
020 _a9780415413770
050 _aRC 489.E24
_b.G55 2011
100 _aGilbert, Maria
245 _aIntegrative therapy :
_b100 key points & techniques /
_cMaria Gilbert and Vanja Orlans.
260 _aHove, East Sussex :
_bRoutledge.
_c2011.
300 _a254 p. :
_c20 cm.
521 _aPSYCH
650 _aEclectic psychotherapy
650 _aIntegrative medicine
650 _aPsychotherapy
_xMethods
700 _aOrlans, Vanja
942 _cBK
_2lcc
_kFOR
999 _c24446
_d24446